Star Wars: A New Hope Characters - Statistics

General Stats
  • This quiz has been taken 66 times
  • The average score is 13 of 19
Answer Stats
Hint Character % Correct
Protagonist Luke Skywalker
100%
Witty Pilot Han Solo
98%
Golden Droid C-3PO
95%
Wookie Chewbacca
95%
Protagonist's Mentor Obi-Wan Kenobi
95%
Nonverbal Droid R2-D2
95%
Main Antagonist Darth Vader
93%
Protagonist's Father-Figure Uncle Owen
84%
Death Star Higher-Up Grand Moff Tarkin
76%
Princess Leia Organa
76%
Fat Bounty Leader Jabba the Hutt
74%
Protagonist's Mother-Figure Aunt Beru
69%
Little Thief Chief Jawa
59%
Useless Bounty Hunter Greedo
55%
Red Team X-Wing Pilot Wedge Antilles
45%
Red Team X-Wing Pilot Biggs Darklighter
31%
Grotesque Doctor Dr Evazan
24%
Yavin IV Rebel General General Dodonna
24%
Yavin IV Rebel General General Willard
2%
No matching quizzes found
Score Distribution
Percent of People with Each Score
Percentile by Number Answered
Your Score History
You have not taken this quiz